Paroles - Vive le vent - Statistiques

Statistiques générales
  • Ce quiz a été pris 1 172 fois
  • Le résultat moyen est 251 sur 349
Statistiques - réponses
Mots % Correct
l'
100%
le
100%
vent,
100%
vent
100%
Vive
100%
vive
100%
d'
99%
hiver
99%
s'
92%
sa
88%
et
84%
Et
84%
Et...
84%
de
82%
en
82%
les
82%
Les
82%
an
81%
année
79%
année......
79%
bonne
79%
bonne...
79%
Dans
79%
dans
79%
neige
79%
Qu'
79%
sapins
79%
va
79%
grands
78%
Qui
77%
grand-mère ...
76%
grand-mère...
76%
grand-mère
76%
grand-mère.....
76%
verts
76%
soufflant
72%
Boule
71%
jour
71%
C'
68%
sifflant,
67%
sifflant
67%
la
65%
OH!
60%
temps,
58%
temps
58%
Tout
51%
tout
51%
blanc
49%
Un
49%
un
49%
Sur
43%
est
42%
Avec
41%
il
41%
Il
41%
monsieur
40%
vieux
40%
chemin
38%
main
38%
avance
37%
blanche
37%
canne
37%
35%
souffle
35%
là-haut
34%
long
34%
enfant:
33%
branches
31%
petit
31%
au
30%
Noël
30%
siffle
30%
on
29%
du
26%
romance
25%
vers
24%
chantait
23%
Lui
20%
maison
20%
feu
19%
village,
19%
air
18%
fête
18%
heure
18%
chanson
17%
nuit,
17%
nuit
17%
Descend
16%
Joyeux,
16%
joyeux
16%
Aux
15%
chaque
15%
coin
15%
même
15%
sage
15%
entend
14%
table
14%
ciel
13%
danse
13%
mille
12%
Partout
12%
prête
12%
bougies
11%
Quand
11%
cloche
10%
chantent
7%
cloches
7%
milles
6%
joue
5%
Aucun quiz correspondant
Distribution des résultats
% des personnes avec chaque résultat
Percentile par nombre de réponses
Votre historique - résultats
Vous n’avez pas pris ce quiz